Loreto College Library, Kolkata
WEBOPAC (ONLINE PUBLIC ACCESS CATALOGUE)

Dalit literatures in India (Record no. 40774)

MARC details
000 -LEADER
fixed length control field 00662nam a22002177a 4500
005 - DATE AND TIME OF LATEST TRANSACTION
control field 20161003111243.0
008 - FIXED-LENGTH DATA ELEMENTS--GENERAL INFORMATION
fixed length control field 161003b xxu||||| |||| 00| 0 eng d
020 ## - ISBN | অাই এস বি এন
ISBN | অাই এস বি এন 9781138191310
PRICE 1095.00
040 ## - CATALOGING SOURCE
Original cataloging agency Loreto College
041 ## - LANGUAGE CODE
Language code English
082 ## - DDC | ডিউই
Classification number | বর্গসংখ্যা 891.4
Book Number | গ্রন্থাঙ্ক ABR
245 ## - TITLE STATEMENT | অাখ্যা বিবরণী
Title | অাখ্যা Dalit literatures in India
Statement of responsibility | লেখকের দায়িত্বের বিবরণ Edited by Joshil K.Abraham and Judith Misrahi-Barak
260 ## - IMPRINT | প্রকাশনা ক্ষেত্র
Place of publication | প্রকাশ স্থান Routledge
Name of publisher | প্রকাশকের নাম Oxon
Date of publication | প্রকাশ কাল 2016
300 ## - PHYSICAL DESCRIPTION |
Page / Vol. No | পৃষ্ঠা / খন্ড সংখ্যা xv,349p
Other physical details | অনান্য বাহ্যিক বিবরণ 22cm
504 ## - BIBLIOGRAPHY, ETC. NOTE
Bibliography, etc Includes bibliographical references
650 ## - SUBJECT ADDED ENTRY--TOPICAL TERM | বিষয় শিরোনাম - মূল বিষয়
Topical term | মূল বিষয় Dalit literature-Criticism and interpretation
700 ## - ADDED ENTRY--PERSONAL NAME | অতিরিক্ত সংলেখ - ব্
Relator code | দায়িত্ব নির্দেশক ed.
Personal name | ব্যাক্তিনাম Abraham,Joshil K.
700 ## - ADDED ENTRY--PERSONAL NAME | অতিরিক্ত সংলেখ - ব্
Relator code | দায়িত্ব নির্দেশক ed.
Personal name | ব্যাক্তিনাম Misrahi-Barak,Judith
850 ## - HOLDING INSTITUTION
Holding institution LCLIB
Sub Holdings Post Graduate
942 ## - ADDED ENTRY ELEMENTS (KOHA)
Koha item type Books
Holdings
Withdrawn status Lost status Source of classification Damaged status Not for loan Home library Current library Shelving location Date acquired Price Total Checkouts Full call number Accession No. Date last seen Price effective from Koha item type
    Dewey Decimal Classification     Loreto College Loreto College Post Graduate 03/10/2016 1095.00   891.4 ABR PG101 44458 03/10/2016 03/10/2016 Books